1793 1554 1504 1360 1700 1058 1509 1326 1872 1600 1721 1266 1933 1492 1703 1795 1314 1089 1365 1084 1382 1180 1873 1952 1809 1931 1413 1995 1181 1932 1039 1381 1075 1172 1920 1505 1400 1193 1191 1017 1697 1530 1145 1456 1011 1211 1115 1405 1062 1630 1835 1284 1820 1507 1622 1011 1472 1428 1065 1944 1273 1128 1748 1578 1112 1793 1343 1180 1554 1174 1211 1494 1727 1299 1807 1870 1399 1468 1533 1958 1255 1591 1828 1761 1459 1557 1120 1352 1974 1640 1895 1860 1508 1440 1374 1685 1149 1227 1047 BCNSPRNW ULIB Ver.6.0+V

เปลี่ยนเป็นภาษาไทย

Change to English
 แสดงรายละเอียดบรรณานุกรม
  กลับหน้าหลัก

Brief Record : Get Marc (ISO 2709) : E-mail record : QR code < ปิดหน้าต่าง
LEADER : 00000nam 2200000uu 4500
001    13399123519
003     ULIB
008    020711s2557 th a 000 0 tha d
020    9786162960543
060    WO100^bว865ต
100    วุฒิชัย ธนาพงศธร
245    ตำราศัลยศาสตร์ : เส้นและสายในเวชปฏิบัติศัลยกรรม /^cวุฒิชัย ธนาพงศธร,ภาสกร ผาสุขดี
250    พิมพ์ครั้งที่ 1
260    นครนายก :^bภาควิชาศัลยศาสตร์ คณะแพทย์ศาสตร์ มหาวิทยาลัยศรีนครินทรวิโรฒ,^c2557
300    323 หน้า;^b29.5 ซม.
650    ศัลยกรรม
700    ภาสกร ผาสุขดี
710    มหาวิทยาลัยศรีนครินทรวิโรฒ.^bคณะแพทย์ศาสตร์.^bภาควิชาศัลยศาสตร์.
945    ^p1200^l0^i20966
945    ^p1200^l0^i20967
รายการนี้ยังไม่มีแท็ก
คุณยังไม่ได้ล็อกอิน คุณสามารถมีกิจกรรมร่วมกับเว็บไซต์ได้ แต่ต้องล็อกอินก่อน ::
  ล็อกอิน

รายการสื่อสารสนเทศ

ลำดับที่ ประเภท เลขเรียก/บาร์โค้ด สถานที่ สถานะ
1. วิทยาศาสตร์การแพทย์ และสุขภาพ
วิทยาศาสตร์การแพทย์ และสุขภาพ
สถานะ=หนังสือเก่า
WO100 ว865ต ฉ.1 
  Barcode: 20966
ห้องสมุดวิทยาเขตนครสวรรค์
►ส่วนจัดเก็บหนังสือเก่า นว.
บนชั้น
  ขอยืม
2. วิทยาศาสตร์การแพทย์ และสุขภาพ
วิทยาศาสตร์การแพทย์ และสุขภาพ
สถานะ=หนังสือเก่า
WO100 ว865ต ฉ.2 
  Barcode: 20967
ห้องสมุดวิทยาเขตนครสวรรค์
►ส่วนจัดเก็บหนังสือเก่า นว.
บนชั้น
  ขอยืม

รายการใกล้เคียง
    ผู้แต่ง [วุฒิชัย ธนาพงศธร]

    หัวเรื่อง [ศัลยกรรม]

BibComment


ยังไม่เคยถูกคอมเมนท์

คอมเมนท์ทรัพยากรรายการนี้
  คอมเมนท์: ตำราศัลยศาสตร์ เ..


 Copyright 2026. Bcnsprnw @Library